Central Library OPAC University of Rajshahi

;فتاة و ذهب Soviet gold (Record no. 81659)

MARC details
000 -LEADER
fixed length control field 00971cam a22002411 4500
001 - CONTROL NUMBER
control field 81659
003 - CONTROL NUMBER IDENTIFIER
rucl marc code BD-RjUL
005 - DATE AND TIME OF LATEST TRANSACTION
control field 20230809130857.0
008 - FIXED-LENGTH DATA ELEMENTS--GENERAL INFORMATION
fixed length control field 230808s1953 nyu 000 0 ara
035 ## - SYSTEM CONTROL NUMBER
System control number (BD-RjUL)81659
040 ## - CATALOGING SOURCE
Original cataloging agency DLC
Transcribing agency MeU-P
Modifying agency FTaSU
-- DLC
Language of cataloging ara
041 ## - LANGUAGE CODE
Language code of text/sound track or separate title ara
082 ## - DEWEY DECIMAL CLASSIFICATION NUMBER
Classification number 947.084
Author mark and year PES 1953
100 1# - MAIN ENTRY--PERSONAL NAME
Personal name Petrov, Vladimir,
Dates associated with a name 1915-1999.
9 (RLIN) 8263
245 10 - TITLE STATEMENT
Title ;فتاة و ذهب Soviet gold
Remainder of title my life as a slave laborer in the Siberian mines./
Statement of responsibility, etc. Translated from the Russian by Mirra Ginsburg.نقله الي العربية نجاتي صديقيTranslated into Arabic by Najati
260 ## - PUBLICATION, DISTRIBUTION, ETC. (IMPRINT)
Place of publication, distribution, etc. New York:
Name of publisher, distributor, etc. Farrar, Straus ,
Date of publication, distribution, etc. 1953
300 ## - PHYSICAL DESCRIPTION
Pagination viii, 129 p.
Illustrations map.
Size 22 cm.
600 10 - SUBJECT ADDED ENTRY--PERSONAL NAME
Personal name Petrov, Vladimir,
Dates associated with a name 1915-1999.
650 #0 - SUBJECT ADDED ENTRY--TOPICAL TERM
Topical term or geographic name as entry element Gold
General subdivision Mines and mining
Geographic subdivision Russia (Federation)
-- Siberia.
9 (RLIN) 8264
Topical term or geographic name as entry element Penal colonies
Geographic subdivision Russia (Federation)
-- Siberia.
9 (RLIN) 8265
Topical term or geographic name as entry element Convict labor
Geographic subdivision Russia (Federation)
-- Siberia.
9 (RLIN) 8266
942 ## - ADDED ENTRY ELEMENTS (KOHA)
Source of classification or shelving scheme Dewey Decimal Classification
Koha item type Books
Holdings
Lost status Source of classification or shelving scheme Damaged status Not for loan Collection code Permanent Location Current Location Shelving location Date acquired Source of acquisition Full call number Date last seen Copy number Koha item type
  Dewey Decimal Classification   Not For Loan Non-fiction Central Library, University of Rajshahi Central Library, University of Rajshahi Reading Room 11/07/1973 USIS, Dhaka A 947.084 PES 1953 09/08/2023 C-1 Books